Top 50 Military Aircraft (Record no. 586402)
[ view plain ]
| 000 -LEADER | |
|---|---|
| fixed length control field | 00423nam a22001337a 4500 |
| 020 ## - INTERNATIONAL STANDARD BOOK NUMBER | |
| International Standard Book Number | 9781782745297 |
| 040 ## - CATALOGING SOURCE | |
| Transcribing agency | NUST |
| 082 ## - DEWEY DECIMAL CLASSIFICATION NUMBER | |
| Classification number | 358.4183 NEW |
| 100 ## - MAIN ENTRY--PERSONAL NAME | |
| Personal name | Newdick, Thomas |
| 9 (RLIN) | 82093 |
| 245 ## - TITLE STATEMENT | |
| Title | Top 50 Military Aircraft |
| 260 ## - PUBLICATION, DISTRIBUTION, ETC. | |
| Place of publication, distribution, etc. | London: |
| Name of publisher, distributor, etc. | Amber Books Ltd, |
| Date of publication, distribution, etc. | 2017. |
| 650 ## - SUBJECT ADDED ENTRY--TOPICAL TERM | |
| Topical term or geographic name entry element | Airplanes, Military -- Encyclopedias -- Pictorial works. Airplanes, Military -- History. Airplanes, Military. |
| 9 (RLIN) | 88984 |
| 942 ## - ADDED ENTRY ELEMENTS (KOHA) | |
| Source of classification or shelving scheme | |
| Koha item type | Book |
| Withdrawn status | Lost status | Source of classification or shelving scheme | Damaged status | Not for loan | Permanent Location | Current Location | Shelving location | Date acquired | Full call number | Barcode | Date last seen | Price effective from | Koha item type |
|---|---|---|---|---|---|---|---|---|---|---|---|---|---|
| College of Electrical & Mechanical Engineering (CEME) | College of Electrical & Mechanical Engineering (CEME) | General Stacks | 09/03/2021 | 358.4183 NEW (KIDS SEC) | CEME-50572 | 09/03/2021 | 09/03/2021 | Book |
